000 00463nam a22001817a 4500
003 NUST
005 20240805094428.0
008 150907b xxu||||| |||| 00| 0 eng d
020 _a-
040 _cLIBRARY
082 _a621.317,SIN
100 _aSinclair, Ian R.
_958512
245 _aElectronic power supply handbook /
_cIan R. Sinclair
260 _c-
300 _a136p.
650 _aElectronic Engineering
_xEL
_9124994
942 _2ddc
_cBK
_k621.317,SIN
999 _c610761
_d610761